| 000 | 00960nam a22002657a 4500 | ||
|---|---|---|---|
| 008 | 130821s1946 fr gr fre | ||
| 040 |
_aCo-BoUCM _bspa |
||
| 041 | 0 | 0 | _afre |
| 092 | _aFM 000097 | ||
| 100 |
_aGoguel, Francois _9148731 |
||
| 245 | 0 | 3 |
_aLapolitique des partis sous la III république _cFrancois Goguel |
| 260 |
_aParís (Francia) _bEditions du Seuil _c1946 |
||
| 300 | _a566 páginas | ||
| 490 | _aCollections Esprit | ||
| 500 | _aIncluye bibliografía e índice. -- Este libro se encuentra en el depósito de la biblioteca | ||
| 650 | 0 | 4 |
_aHistoria _97695 |
| 650 | 0 | 4 |
_aPartidos políticos _97900 |
| 650 | 0 | 4 |
_aPartidos políticos _zFrancia _97900 |
| 650 | 0 | 4 |
_aTercera república _d1870-1940 _98150 |
| 651 |
_aFrancia _926969 |
||
| 651 |
_aFrancia _xHistoria _yTercera República _d1870-1940 _926969 |
||
| 651 |
_aFrancia _xPolítica y gobierno _d1870-1940 _935877 |
||
| 700 |
_aRestrepo, Juan M. _eTr _9148596 |
||
| 942 |
_cLIBRO _a27 _e1 _n0 |
||
| 999 |
_c84685 _d84685 |
||